Riconosci lo Stato - Quiz n°190 - Statistics

Statistiche generali
  • Questo quiz è stato fatto 21 volte
  • Il punteggio medio è 13 su 13
Statistiche sulle risposte
Indizio Risposta % Corretto
Superficie 33 846 km²
100%
Popolazione 3 547 539 ab.
100%
Iniziale della Capitale C
100%
Valuta Leu
100%
Presidente della Repubblica Maia Sandu
100%
Forma di Governo Repubblica parlamentare
100%
ISU 0,774
94%
Tasso di crescita -1,014%
94%
PIL (nominale) 11 404 milioni di $
94%
Indipendenza dall'URSS,
27 agosto 1991 (dichiarata),
25 dicembre 1991 (riconosciuta)
94%
Primo ministro Dorin Recean
94%
Risposta Moldavia
94%
Fuso Orario UTC+2 (UTC+3 in ora legale)
94%
Nessun quiz corrispondente trovato
Distribuzione punteggi
Percentuale di utenti per punteggio
Percentile per numero di risposta
I tuoi punteggi nel tempo
Non hai fatto questo quiz